[Event "9th EUROPEAN  INDIVIDUAL  WOME"]
[Site "Plovdiv, Bulgaria"]
[Date "2008.04.29"]
[Round "8"]
[Board "1"]
[White "Franciskovic, Borka"]
[Black "Foisor, Cristina Adela"]
[Result "1/2-1/2"]
[WhiteElo "2240"]
[BlackElo "2364"]
[PlyCount "102"]
[EventDate "2008.04.21"]
[EventRounds "11"]
[EventCountry "BUL"]

1.c4 c5 2.Nc3 g6 3.g3 Bg7 4.Bg2 Nc6 5.e4 d6 6.Nge2 Nf6 7.d3 O-O 8.O-O Ne8 9.Be3
Nc7 10.d4 cxd4 11.Nxd4 Ne5 12.b3 Ng4 13.Bc1 Ne6 14.Nde2 a6 15.h3 Nf6 16.Be3 Bd7
17.e5 dxe5 18.Bxb7 Nd4 19.Bg2 Qc8 20.Nxd4 exd4 21.Bxd4 Bxh3 22.Bxf6 Bxg2 23.Kxg2
Bxf6 24.Nd5 Qb7 25.Qf3 Kg7 26.Nxf6 Qxf3+ 27.Kxf3 Kxf6 28.Rfd1 Rfd8 29.Rac1 h5
30.c5 e5 31.b4 Ke7 32.a4 Rab8 33.Rxd8 Kxd8 34.Rb1 f5 35.Ke3 Kc7 36.b5 g5 37.Kd3
h4 38.gxh4 gxh4 39.Kc4 axb5+ 40.axb5 h3 41.Kd5 Rd8+ 42.Kxe5 h2 43.f4 Rd2 44.Rh1
Rc2 45.Kxf5 Rxc5+ 46.Ke6 Rc2 47.f5 Re2+ 48.Kf7 Kd6 49.f6 Ke5 50.b6 Rf2 51.Ke7
Rxf6

[Event "9th EUROPEAN  INDIVIDUAL  WOME"]
[Site "Plovdiv, Bulgaria"]
[Date "2008.04.29"]
[Round "8"]
[Board "1"]
[White "Velcheva, Maria"]
[Black "Majdan, Joanna"]
[Result "1-0"]
[WhiteElo "2262"]
[BlackElo "2338"]
[PlyCount "87"]
[EventDate "2008.04.21"]
[EventRounds "11"]
[EventCountry "BUL"]

1.e4 c5 2.Nf3 d6 3.d4 cxd4 4.Nxd4 Nf6 5.Nc3 a6 6.Be3 e5 7.Nf3 Qc7 8.a4 Be7 9.a5
O-O 10.Be2 Nc6 11.Bb6 Qd7 12.Nd2 Nd4 13.Bxd4 exd4 14.Nd5 Nxd5 15.exd5 Qf5 16.Bf3
Qe5+ 17.Qe2 Qxe2+ 18.Bxe2 Bf5 19.Bd3 Bxd3 20.cxd3 Rac8 21.Kd1 Rc5 22.Re1 Bd8
23.b4 Rxd5 24.Kc2 Bg5 25.Nc4 g6 26.Kb3 Rd8 27.Ra2 Kf8 28.Rae2 Rf5 29.f3 h5
30.Nb6 Rb5 31.g3 d5 32.f4 Bf6 33.h4 Rxb6 34.axb6 Rd6 35.Re8+ Kg7 36.Rc1 Rxb6
37.Rc5 Rd6 38.Rc7 b6 39.Ra8 Bd8 40.Rb7 Kf6 41.Rxa6 Rc6 42.Rd7 Be7 43.Rxd5 Bd6
44.Rxd4

[Event "9th EUROPEAN  INDIVIDUAL  WOME"]
[Site "Plovdiv, Bulgaria"]
[Date "2008.04.29"]
[Round "8"]
[Board "1"]
[White "Demina, Julia"]
[Black "Videnova, Iva"]
[Result "1-0"]
[WhiteElo "2337"]
[BlackElo "2178"]
[PlyCount "63"]
[EventDate "2008.04.21"]
[EventRounds "11"]
[EventCountry "BUL"]

1.d4 e6 2.Nf3 Nf6 3.c4 c5 4.Nc3 cxd4 5.Nxd4 Nc6 6.a3 Be7 7.e3 O-O 8.Be2 a6 9.O-O
Qc7 10.b3 Nxd4 11.Qxd4 Bd6 12.f4 b6 13.Rd1 Be7 14.Kh1 Bb7 15.e4 Rfd8 16.e5 Ne8
17.Na4 b5 18.cxb5 axb5 19.Nb6 Ra6 20.Be3 Bc6 21.a4 Rb8 22.axb5 Raxb6 23.bxc6
dxc6 24.Bc4 R6b7 25.Qe4 c5 26.f5 exf5 27.Qxf5 Bf8 28.Ra6 g6 29.Qe4 Rb6 30.Rxb6
Qxb6 31.Rd7 Nc7 32.Rxf7

[Event "9th EUROPEAN  INDIVIDUAL  WOME"]
[Site "Plovdiv, Bulgaria"]
[Date "2008.04.29"]
[Round "8"]
[Board "1"]
[White "Cherednichenko, Elena"]
[Black "Gara, Anita"]
[Result "0-1"]
[WhiteElo "2155"]
[BlackElo "2331"]
[PlyCount "47"]
[EventDate "2008.04.21"]
[EventRounds "11"]
[EventCountry "BUL"]

1.d4 b6 2.e3 Bb7 3.Nf3 e6 4.Bd3 f5 5.O-O Nf6 6.Nbd2 Be7 7.c4 Ne4 8.Qc2 Nxd2
9.Nxd2 O-O 10.a3 Bd6 11.f4 Qf6 12.b4 c5 13.bxc5 bxc5 14.Rb1 Bc6 15.Nb3 Na6 16.d5
Ba4 17.dxe6 dxe6 18.Qe2 Rab8 19.Nd2 Rxb1 20.Nxb1 Bb8 21.e4 Bc7 22.e5 Qd8 23.Be3
Ba5 24.Rc1 {..........}

[Event "9th EUROPEAN  INDIVIDUAL  WOME"]
[Site "Plovdiv, Bulgaria"]
[Date "2008.04.29"]
[Round "8"]
[Board "1"]
[White "Akatova, Ekaterina"]
[Black "Butuc, Maria"]
[Result "1/2-1/2"]
[WhiteElo "2320"]
[BlackElo "2137"]
[PlyCount "85"]
[EventDate "2008.04.21"]
[EventRounds "11"]
[EventCountry "BUL"]

1.e4 c6 2.d4 d5 3.exd5 cxd5 4.c4 Nf6 5.Nc3 e6 6.Nf3 Bb4 7.cxd5 Nxd5 8.Bd2 Nc6
9.Bd3 Be7 10.O-O O-O 11.Re1 Nf6 12.Bg5 Nd5 13.Bc1 Nf6 14.a3 b6 15.Bc2 Bb7 16.Qd3
Rc8 17.Bg5 g6 18.Bh6 Re8 19.Rad1 Qd6 20.h3 Bf8 21.Bxf8 Qxf8 22.Bb1 Red8 23.Ba2
Ne7 24.Ng5 Ned5 25.Nce4 Qe7 26.Nxf6+ Qxf6 27.Ne4 Qe7 28.Qg3 Kg7 29.Qe5+ f6
30.Qg3 Qc7 31.Bb3 Qxg3 32.fxg3 Ba6 33.Bxd5 exd5 34.Nc3 Kf7 35.Re3 Bc4 36.Rde1
Re8 37.Kf2 Rxe3 38.Rxe3 Re8 39.Rxe8 Kxe8 40.Nd1 Kd7 41.h4 Ke6 42.Kf3 Bd3 43.Nf2

[Event "9th EUROPEAN  INDIVIDUAL  WOME"]
[Site "Plovdiv, Bulgaria"]
[Date "2008.04.29"]
[Round "8"]
[Board "1"]
[White "Kazimova, Narmin"]
[Black "Sharevich, Anna"]
[Result "0-1"]
[WhiteElo "2071"]
[BlackElo "2311"]
[PlyCount "80"]
[EventDate "2008.04.21"]
[EventRounds "11"]
[EventCountry "BUL"]

1.e4 c5 2.Nf3 e6 3.d4 cxd4 4.Nxd4 a6 5.Bd3 Nf6 6.O-O Qc7 7.c4 Nc6 8.Nxc6 dxc6
9.f4 Bc5+ 10.Kh1 e5 11.h3 h5 12.Qc2 Ng4 13.Qe2 Qd8 14.f5 Qh4 15.Rf3 g5 16.Bd2
Nf2+ 17.Kh2 g4 18.Rg3 {Diagram #} Nh1 19.Re3 Bxe3 20.Qxe3 Nf2 21.Be1 g3+ 22.Kg1
Rg8 23.Bxf2 gxf2+ 24.Kf1 Rg3 25.Qxf2 Qg5 26.Qe2 Re3 27.Qd2 Qf4+ 28.Kg1 Bxf5
29.exf5 O-O-O 30.Nc3 Qd4 31.Kh1 Rxd3 32.Qg5 h4 33.Re1 Rg3 34.Qe7 Qf2 35.Rg1 Qxf5
36.Qxh4 Rdg8 37.Ne4 Rxg2 38.Nd6+ Kb8 39.Qd8+ Rxd8 40.Nxf5 Rxb2

[Event "9th EUROPEAN  INDIVIDUAL  WOME"]
[Site "Plovdiv, Bulgaria"]
[Date "2008.04.29"]
[Round "8"]
[Board "1"]
[White "Shaidullina, Sandugach"]
[Black "Danelia, Mariam"]
[Result "1/2-1/2"]
[WhiteElo "2298"]
[BlackElo "2129"]
[PlyCount "125"]
[EventDate "2008.04.21"]
[EventRounds "11"]
[EventCountry "BUL"]

1.d4 Nf6 2.c4 g6 3.Nc3 d5 4.cxd5 Nxd5 5.Bd2 Bg7 6.e4 Nb6 7.Be3 O-O 8.Bb5 a6
9.Be2 f5 10.exf5 Bxf5 11.Qb3+ Kh8 12.Nf3 Nc6 13.d5 Ne5 14.Nxe5 Bxe5 15.O-O-O a5
16.h4 a4 17.Qb4 Qd6 18.Qxd6 exd6 19.Bd4 Bxd4 20.Rxd4 Bd7 21.f3 h6 22.Bd3 Kg7
23.Re1 Rae8 24.Rxe8 Rxe8 25.Kd2 g5 26.Bc2 Re5 27.hxg5 hxg5 28.Be4 Be8 29.Rb4 Kf8
30.b3 axb3 31.a4 Bf7 32.Rxb3 Nc4+ 33.Kd3 Na5 34.Rb1 Be8 35.Rh1 Nb3 36.Rh8+ Ke7
37.Rh7+ Kd8 38.Kc4 Nd2+ 39.Kd3 Nb3 40.Rh8 Ke7 41.Kc2 Nc5 42.a5 Bd7 43.Rh7+ Kf8
44.Bg6 Re7 45.Ne4 Rxh7 46.Bxh7 Nxe4 47.Bxe4 Ke7 48.Kc3 Kf6 49.Kd4 Bb5 50.g3 Bd7
51.Bd3 Ba4 52.Bf1 Bd7 53.Bd3 Ba4 54.Ke4 Bb3 55.Bb5 Bc2+ 56.Kd4 Bf5 57.f4 Bc8
58.Ke4 Kg6 59.Ke3 Kf6 60.Kd4 Kg6 61.Be8+ Kf6 62.Bb5 Kg6 63.Ke4 {.......}

[Event "9th EUROPEAN  INDIVIDUAL  WOME"]
[Site "Plovdiv, Bulgaria"]
[Date "2008.04.29"]
[Round "8"]
[Board "1"]
[White "Foisor, Sabina Francesca"]
[Black "Bulmaga, Irina"]
[Result "0-1"]
[WhiteElo "2375"]
[BlackElo "2106"]
[PlyCount "88"]
[EventDate "2008.04.21"]
[EventRounds "11"]
[EventCountry "BUL"]

1.d4 d5 2.c4 dxc4 3.Nf3 Nf6 4.e3 e6 5.Bxc4 a6 6.Bb3 Nbd7 7.O-O c5 8.Qe2 b5 9.a4
c4 10.Bc2 Bb7 11.e4 Be7 12.Bg5 O-O 13.Nbd2 Kh8 14.Rfd1 Qc7 15.Nf1 Rac8 16.axb5
axb5 17.Ng3 h6 18.Bc1 b4 19.e5 Ng8 20.Ne4 Ra8 21.Rxa8 Rxa8 22.Nfd2 Bd5 23.Nf1
Ra1 24.Be3 Rxd1 25.Qxd1 Qc6 26.f3 Nb6 27.Qa1 b3 28.Bb1 Qa4 29.Qxa4 Nxa4 30.Bc1
Bb4 31.Kf2 Ne7 32.g4 Nc6 33.Ke3 Ba5 34.Nc5 Nxc5 35.dxc5 Bb4 36.Kf4 Bxc5 37.Bd2
Bf2 38.g5 hxg5+ 39.Kxg5 Nxe5 40.Be4 f6+ 41.Kh5 Bxe4 42.fxe4 Kh7 43.Ng3 g6+
44.Kh4 Nf3+

[Event "9th EUROPEAN  INDIVIDUAL  WOME"]
[Site "Plovdiv, Bulgaria"]
[Date "2008.04.29"]
[Round "8"]
[Board "1"]
[White "Vojinovic, Jovana"]
[Black "Sandu, Mihaela"]
[Result "1-0"]
[WhiteElo "2217"]
[BlackElo "2325"]
[PlyCount "111"]
[EventDate "2008.04.21"]
[EventRounds "11"]
[EventCountry "BUL"]

1.d4 Nf6 2.c4 g6 3.Nc3 Bg7 4.e4 d6 5.Nf3 O-O 6.Be2 e5 7.Be3 h6 8.d5 Ng4 9.Bd2 f5
10.Qc2 fxe4 11.Nxe4 Bf5 12.O-O Nd7 13.Bd3 a5 14.a3 a4 15.h3 Ngf6 16.Be3 Nxe4
17.Bxe4 b6 18.Rfe1 Nc5 19.Bxc5 bxc5 20.b3 axb3 21.Qxb3 Qd7 22.Qd3 Ra4 23.Ra2 Bf6
24.h4 Bxe4 25.Rxe4 Qf5 26.g3 Bg7 27.Kg2 Rfa8 28.g4 Qd7 29.Nd2 Rf8 30.Qg3 Rf7
31.f3 Ra8 32.Re3 Rf4 33.Ne4 Qa4 34.Rc3 Rb8 35.Qe1 Bf6 36.Kg3 Be7 37.Qc1 Rbf8
38.Qc2 Qe8 39.a4 Qf7 40.Raa3 h5 41.g5 Kg7 42.Qe2 Qf5 43.a5 Ra8 44.a6 Ra7 45.Ra1
Qc8 46.Rca3 Rf8 47.Nc3 c6 48.dxc6 Bxg5 49.hxg5 h4+ 50.Kh2 Qxc6 51.Ne4 Rf4 52.Qd3
Qd7 53.Qxd6 Qf5 54.Qf6+ Qxf6 55.gxf6+ Kf7 56.Rb1

[Event "9th EUROPEAN  INDIVIDUAL  WOME"]
[Site "Plovdiv, Bulgaria"]
[Date "2008.04.29"]
[Round "8"]
[Board "1"]
[White "Aginian, Nelly"]
[Black "Jelica, Mara"]
[Result "1-0"]
[WhiteElo "2295"]
[BlackElo "2206"]
[PlyCount "53"]
[EventDate "2008.04.21"]
[EventRounds "11"]
[EventCountry "BUL"]

1.e4 c5 2.Nf3 d6 3.d4 cxd4 4.Nxd4 Nf6 5.Nc3 a6 6.Be3 Nbd7 7.f3 b5 8.a4 bxa4
9.Rxa4 g6 10.Qa1 Nc5 11.Ra5 Bg7 12.b4 e5 13.Nc6 Qc7 14.bxc5 Qxc6 15.Bb5 axb5
16.Rxa8 O-O 17.Rb8 Bb7 18.Qa7 Rxb8 19.Qxb8+ Ne8 20.Nd5 Qd7 21.Nb6 Qc6 22.cxd6
Qc3+ 23.Bd2 Qa1+ 24.Kf2 Qd4+ 25.Be3 Qxd6 26.Qxe8+ Bf8 27.Nd7

[Event "9th EUROPEAN  INDIVIDUAL  WOME"]
[Site "Plovdiv, Bulgaria"]
[Date "2008.04.29"]
[Round "8"]
[Board "1"]
[White "Fakhiridou, Ekaterini"]
[Black "Gavasheli, Ana"]
[Result "1/2-1/2"]
[WhiteElo "2292"]
[BlackElo "2191"]
[PlyCount "82"]
[EventDate "2008.04.21"]
[EventRounds "11"]
[EventCountry "BUL"]

1.e4 c5 2.b3 d6 3.Bb5+ Bd7 4.Bxd7+ Qxd7 5.Bb2 Nc6 6.d3 Nf6 7.Ne2 e5 8.Nd2 d5
9.O-O Be7 10.Ng3 d4 11.a4 g6 12.Nc4 h5 13.f4 exf4 14.Rxf4 Ng4 15.e5 Ngxe5
16.Nxe5 Nxe5 17.Qe2 f6 18.Raf1 O-O 19.Bc1 Rf7 20.h3 Re8 21.Re4 Bd6 22.Qd2 f5
23.Ree1 Qe7 24.Qg5 Qxg5 25.Bxg5 Rc8 26.Ne2 Nc6 27.Nf4 Bxf4 28.Rxf4 Nb4 29.Rf2
Rd7 30.Re6 Kf7 31.Re5 Kg7 32.g4 Rf7 33.gxh5 gxh5 34.h4 b6 35.Kf1 f4 36.Bxf4 Rcf8
37.Rg5+ Kh6 38.Rf5+ Kg6 39.Rg5+ Kh6 40.Rf5+ Kg6 41.Rg5+ Kh6

[Event "9th EUROPEAN  INDIVIDUAL  WOME"]
[Site "Plovdiv, Bulgaria"]
[Date "2008.04.29"]
[Round "8"]
[Board "1"]
[White "Bogumil, Tatiana"]
[Black "Srebrnic, Ana"]
[Result "1-0"]
[WhiteElo "2194"]
[BlackElo "2283"]
[PlyCount "87"]
[EventDate "2008.04.21"]
[EventRounds "11"]
[EventCountry "BUL"]

1.Nf3 Nf6 2.c4 g6 3.b3 Bg7 4.Bb2 O-O 5.g3 d6 6.d4 c5 7.Bg2 Nc6 8.d5 Na5 9.O-O a6
10.Nbd2 b5 11.Qc1 Rb8 12.Bc3 e5 13.dxe6 fxe6 14.Ng5 Bh6 15.h4 b4 16.Bxf6 Qxf6
17.Nde4 Qe7 18.Qd2 Rb6 19.Rad1 Nb7 20.f4 Bg7 21.e3 Rd8 22.Nf2 a5 23.Bh3 a4
24.Qc2 axb3 25.axb3 Na5 26.Kh2 e5 27.Bxc8 Rxc8 28.Qd3 Bf6 29.Nfe4 Rf8 30.Qd5+
Kh8 31.Nxd6 Bxg5 32.hxg5 exf4 33.exf4 Qe2+ 34.Kh3 Qh5+ 35.Kg2 Qe2+ 36.Rf2 Qe7
37.Qxc5 Ra6 38.Qxb4 Nxb3 39.c5 Na5 40.Qd4+ Qg7 41.Qxg7+ Kxg7 42.Ra2 Rfa8 43.Rda1
R6a7 44.Nb5

[Event "9th EUROPEAN  INDIVIDUAL  WOME"]
[Site "Plovdiv, Bulgaria"]
[Date "2008.04.29"]
[Round "8"]
[Board "1"]
[White "Minina, Veronika"]
[Black "Cherednichenko, Svetlana"]
[Result "1-0"]
[WhiteElo "2148"]
[BlackElo "2270"]
[PlyCount "61"]
[EventDate "2008.04.21"]
[EventRounds "11"]
[EventCountry "BUL"]

1.Nf3 g6 2.c4 Bg7 3.d4 d6 4.g3 Nf6 5.Bg2 O-O 6.O-O Nc6 7.Nc3 a6 8.b3 Rb8 9.a4
Na5 10.Qc2 c5 11.dxc5 dxc5 12.Bf4 Ra8 13.Rab1 Bf5 14.e4 Bg4 15.Ne5 Be6 16.Rfd1
Qc8 17.Nd5 Bxd5 18.cxd5 b5 19.Bd2 b4 20.Be3 Nh5 21.Nc4 Nb7 22.Nb6 Qc7 23.Nxa8
Rxa8 24.Rbc1 a5 25.Bf3 Nf6 26.Bf4 Qb6 27.e5 Ne8 28.d6 exd6 29.exd6 Bf8 30.Bxb7
Qxb7 31.d7

[Event "9th EUROPEAN  INDIVIDUAL  WOME"]
[Site "Plovdiv, Bulgaria"]
[Date "2008.04.29"]
[Round "8"]
[Board "1"]
[White "Hairapetian, Anna"]
[Black "Calzetta, Monica"]
[Result "1-0"]
[WhiteElo "2115"]
[BlackElo "2264"]
[PlyCount "73"]
[EventDate "2008.04.21"]
[EventRounds "11"]
[EventCountry "BUL"]

1.d4 Nf6 2.Nf3 c5 3.e3 g6 4.c4 Bg7 5.Nc3 O-O 6.d5 e6 7.Bd3 exd5 8.cxd5 a6 9.a4
d6 10.O-O Bg4 11.h3 Bxf3 12.Qxf3 Nbd7 13.Bc2 c4 14.e4 Qc7 15.Bg5 Rfe8 16.Rae1
Rab8 17.Ne2 b5 18.axb5 axb5 19.Ng3 Ne5 20.Qd1 Ra8 21.Kh2 Ra2 22.f4 Ned7 23.e5
dxe5 24.d6 Qc5 25.fxe5 Rxe5 26.Bxf6 Rxe1 27.Qxe1 Nxf6 28.Qe7 Ra8 29.Rxf6 Bxf6
30.Qxf6 Ra1 31.Ne2 Ra6 32.Qd8+ Kg7 33.d7 Rd6 34.Qe7 Qd5 35.Nf4 Qd4 36.Kg3 Qd2
37.d8=Q

[Event "9th EUROPEAN  INDIVIDUAL  WOME"]
[Site "Plovdiv, Bulgaria"]
[Date "2008.04.29"]
[Round "8"]
[Board "1"]
[White "Schneider, Veronika"]
[Black "Lematschko, Tatjana"]
[Result "1-0"]
[WhiteElo "2261"]
[BlackElo "2189"]
[PlyCount "73"]
[EventDate "2008.04.21"]
[EventRounds "11"]
[EventCountry "BUL"]

1.e4 e6 2.d4 d5 3.Nd2 b6 4.Ngf3 Nf6 5.e5 Nfd7 6.c3 c5 7.h4 Be7 8.Rh3 Ba6 9.Rg3
Bxf1 10.Kxf1 g6 11.h5 Qc8 12.Kg1 Nc6 13.Nf1 gxh5 14.Rg7 Nd8 15.Ng5 Kf8 16.Rxh7
Rxh7 17.Nxh7+ Ke8 18.Qxh5 Nc6 19.Bg5 Qd8 20.Rd1 Rb8 21.Ne3 Bxg5 22.Nxg5 Qe7
23.Ng4 Nd8 24.Rd3 Qf8 25.Nh7 Qg7 26.Ngf6+ Nxf6 27.Nxf6+ Ke7 28.Rg3 Qxg3 29.fxg3
Nc6 30.Qh4 cxd4 31.cxd4 Kd8 32.Nxd5+ Kd7 33.Qf6 Rf8 34.Qg7 Ke8 35.Nc7+ Ke7
36.Qf6+ Kd7 37.Nxe6

[Event "9th EUROPEAN  INDIVIDUAL  WOME"]
[Site "Plovdiv, Bulgaria"]
[Date "2008.04.29"]
[Round "8"]
[Board "1"]
[White "Worek, Joanna"]
[Black "Bednikova, Stefi"]
[Result "1-0"]
[WhiteElo "2244"]
[BlackElo "2086"]
[PlyCount "125"]
[EventDate "2008.04.21"]
[EventRounds "11"]
[EventCountry "BUL"]

1.c4 e5 2.Nc3 Nf6 3.g3 d5 4.cxd5 Nxd5 5.Bg2 Nb6 6.Nf3 Nc6 7.O-O Be7 8.a3 O-O
9.b4 Be6 10.d3 Nd4 11.Nxd4 exd4 12.Ne4 Bd5 13.Bb2 f5 14.Nd2 Bxg2 15.Kxg2 Qd5+
16.Nf3 c5 17.bxc5 Bxc5 18.Rc1 Rac8 19.Qd2 Na4 20.Ba1 Bxa3 21.Rxc8 Rxc8 22.Bxd4
Be7 23.Ra1 b5 24.Qa5 Qd7 25.Rb1 b4 26.Rb3 Kf8 27.Qxa7 Qxa7 28.Bxa7 Nc3 29.Nd4 g6
30.Kf3 Ke8 31.g4 fxg4+ 32.Kxg4 Ra8 33.Bb6 Bd6 34.Nc2 Rb8 35.Be3 Nxe2 36.f4 Nc3
37.Bd2 Nd5 38.Kf3 Rc8 39.Nd4 Kd7 40.h4 Rf8 41.Ke4 Nf6+ 42.Kf3 Nd5 43.Ke4 Nxf4
44.Bxb4 Re8+ 45.Kf3 Ne6 46.Nxe6 Rxe6 47.Bxd6 Rxd6 48.Rb7+ Ke6 49.Ke4 h6 50.d4
Rd7 51.Rb6+ Rd6 52.d5+ Ke7 53.Rb3 Ra6 54.Ke5 Ra1 55.Rb7+ Kd8 56.Ke6 g5 57.hxg5
hxg5 58.Rg7 Ra2 59.Rg8+ Kc7 60.d6+ Kb7 61.d7 Re2+ 62.Kf5 Rf2+ 63.Kg6

[Event "9th EUROPEAN  INDIVIDUAL  WOME"]
[Site "Plovdiv, Bulgaria"]
[Date "2008.04.29"]
[Round "8"]
[Board "1"]
[White "Popova, Natalija"]
[Black "Vladimirova, Maria"]
[Result "1-0"]
[WhiteElo "2239"]
[BlackElo "1976"]
[PlyCount "85"]
[EventDate "2008.04.21"]
[EventRounds "11"]
[EventCountry "BUL"]

1.e4 Nf6 2.e5 Nd5 3.d4 d6 4.c4 Nb6 5.exd6 cxd6 6.Nc3 g6 7.Be3 Bg7 8.Rc1 O-O 9.b3
Nc6 10.d5 Ne5 11.Be2 Re8 12.Nf3 e6 13.dxe6 Bxe6 14.O-O Ng4 15.Bd4 Bh6 16.Ra1 Nd7
17.Nb5 Nde5 18.h3 Nxf3+ 19.Bxf3 Ne5 20.Bxb7 Rb8 21.Bf3 Qh4 22.Bxe5 dxe5 23.Nc7
Red8 24.Qe2 Bf5 25.Nd5 e4 26.Bg4 Bg7 27.Rad1 Be5 28.g3 Qh6 29.Bxf5 gxf5 30.Ne7+
Kh8 31.Nxf5 Qxh3 32.Rxd8+ Rxd8 33.Qxe4 f6 34.c5 Qh5 35.b4 Qf7 36.a4 Qc7 37.Re1
a5 38.f4 Re8 39.fxe5 fxe5 40.c6 Qb6+ 41.Qe3 Qxc6 42.b5 Qg6 43.Qe4

[Event "9th EUROPEAN  INDIVIDUAL  WOME"]
[Site "Plovdiv, Bulgaria"]
[Date "2008.04.29"]
[Round "8"]
[Board "1"]
[White "Bensdorp, Laura"]
[Black "Seps, Monika"]
[Result "0-1"]
[WhiteElo "2085"]
[BlackElo "2237"]
[PlyCount "108"]
[EventDate "2008.04.21"]
[EventRounds "11"]
[EventCountry "BUL"]

1.e4 c5 2.Nf3 Nf6 3.e5 Nd5 4.Nc3 e6 5.Ne4 f5 6.Nc3 Nc6 7.Nxd5 exd5 8.d4 d6
9.exd6 Bxd6 10.Be2 O-O 11.dxc5 Bxc5 12.O-O f4 13.c3 Kh8 14.b3 Be6 15.Bb2 a5
16.Qd2 Qb6 17.Rac1 Rad8 18.Bd3 Bg4 19.Be2 Rde8 20.Bd1 Bf5 21.Kh1 Be4 22.Ne1 Ne5
23.c4 d4 24.f3 Bg6 25.Ra1 Nc6 26.Bc2 Bb4 27.Qf2 Bxc2 28.Qxc2 Re3 29.Nd3 Qd8
30.Rad1 Qe7 31.Nxb4 Nxb4 32.Qb1 d3 33.a3 Nc2 34.Bc1 Re2 35.Rxd3 Ne1 36.Rd2 Nxg2
37.Qd3 Rxd2 38.Bxd2 Rd8 39.Qc2 Qe2 40.Rg1 Rxd2 41.Qf5 h6 42.Qf8+ Kh7 43.Qf5+ Kg8
44.Qc8+ Kf7 45.Qxb7+ Kf6 46.Qc6+ Kg5 47.Qb7 g6 48.Qb5+ Kh4 49.Qc6 Kh5 50.Qb5+ g5
51.Qb7 Nh4 52.Qf7+ Ng6 53.Rxg5+ Kxg5 54.h4+ Nxh4

[Event "9th EUROPEAN  INDIVIDUAL  WOME"]
[Site "Plovdiv, Bulgaria"]
[Date "2008.04.29"]
[Round "8"]
[Board "1"]
[White "Ohme, Melanie"]
[Black "Mammadova, Gulnar"]
[Result "1-0"]
[WhiteElo "2248"]
[BlackElo "2188"]
[PlyCount "95"]
[EventDate "2008.04.21"]
[EventRounds "11"]
[EventCountry "BUL"]

1.e4 d6 2.d4 Nf6 3.Nc3 g6 4.Be3 Bg7 5.f3 c6 6.g4 b5 7.Qd2 Nbd7 8.g5 Nh5 9.Nge2
Nb6 10.Ng3 Nxg3 11.hxg3 Nc4 12.Bxc4 bxc4 13.Rh4 Rb8 14.Nd1 Be6 15.d5 cxd5
16.exd5 Bf5 17.g4 Bc8 18.Bxa7 Rb5 19.a4 Ra5 20.Be3 Bb7 21.Nc3 Kd7 22.Bd4 f6
23.Qe3 Rxd5 24.Nxd5 Bxd5 25.Rh2 e5 26.Bb6 Qa8 27.gxf6 Bxf6 28.Rh3 Be6 29.a5 h5
30.O-O-O Qc6 31.Qa3 Rf8 32.Kb1 Be7 33.Rg3 h4 34.Rh3 e4 35.Qe3 exf3 36.Re1 Qd5
37.Rh2 Bg5 38.Qc3 Bf6 39.Qb4 Qc6 40.Rd2 Be7 41.Bc5 Rc8 42.Bxd6 Bxd6 43.Red1 Qc5
44.Rxd6+ Ke7 45.Qb7+ Rc7 46.Qa6 Qe3 47.Qa8 Ra7 48.Rxe6+

[Event "9th EUROPEAN  INDIVIDUAL  WOME"]
[Site "Plovdiv, Bulgaria"]
[Date "2008.04.29"]
[Round "8"]
[Board "1"]
[White "Padurariu, Ioana Smaranda"]
[Black "Marin, Irina Luiza"]
[Result "0-1"]
[WhiteElo "2242"]
[BlackElo "2182"]
[PlyCount "128"]
[EventDate "2008.04.21"]
[EventRounds "11"]
[EventCountry "BUL"]

1.e4 d6 2.d4 Nf6 3.Nc3 g6 4.Be3 c6 5.Qd2 Nbd7 6.Nf3 e5 7.a4 Qe7 8.dxe5 dxe5
9.Bc4 Bg7 10.O-O O-O 11.h3 Nc5 12.Bxc5 Qxc5 13.Bb3 h6 14.Rfd1 Nd7 15.Qd6 Kh7
16.Qc7 Qe7 17.Rd6 Re8 18.Rad1 Nc5 19.Qxe7 Rxe7 20.Bc4 Be6 21.Bxe6 Nxe6 22.Rd7
Rae8 23.Rxe7 Rxe7 24.Rd6 Nd4 25.Ne1 h5 26.Kf1 f5 27.f3 Bh6 28.Ne2 Ne6 29.Nd3
fxe4 30.fxe4 Ng5 31.Nc3 Nf7 32.Rf6 Kg7 33.Rf2 Nd6 34.Ke2 a5 35.b3 Nf7 36.Nb2 Nd6
37.Rf1 b5 38.axb5 Nxb5 39.Nxb5 cxb5 40.Ra1 Rc7 41.Kd1 Ra7 42.Nd3 Kf6 43.c3 a4
44.bxa4 bxa4 45.Kc2 Be3 46.Nb2 a3 47.Nd3 Ra4 48.Nb4 Kg5 49.Kb3 Ra8 50.Kc4 Kf4
51.Nc2 Bd2 52.Nxa3 Kxe4 53.Ra2 Rc8+ 54.Kb5 Bxc3 55.Nc4 Kd3 56.Nb6 Rd8 57.Kc6 e4
58.Nd5 {Diagram #} Rxd5 59.Kxd5 e3 60.Ke6 e2 61.Rxe2 Kxe2 62.Kf7 h4 63.Kxg6 Kf2
64.Kg5 Kg3

[Event "9th EUROPEAN  INDIVIDUAL  WOME"]
[Site "Plovdiv, Bulgaria"]
[Date "2008.04.29"]
[Round "8"]
[Board "1"]
[White "Zhorzholiani, Meri"]
[Black "Umudova, Nargiz"]
[Result "1-0"]
[WhiteElo "2133"]
[BlackElo "2222"]
[PlyCount "85"]
[EventDate "2008.04.21"]
[EventRounds "11"]
[EventCountry "BUL"]

1.d4 Nf6 2.c4 c5 3.d5 e5 4.Nc3 d6 5.e4 Be7 6.Bd3 O-O 7.Nge2 Ne8 8.O-O Bg5 9.a3
a5 10.Rb1 Bxc1 11.Qxc1 g6 12.Kh1 f5 13.f4 Nd7 14.Qc2 Ng7 15.exf5 gxf5 16.fxe5
Nxe5 17.Nf4 Qh4 18.g3 Qh6 19.b4 axb4 20.axb4 cxb4 21.Rxb4 Nh5 22.Nxh5 Qxh5
23.Ra4 Rxa4 24.Nxa4 f4 25.gxf4 Nxd3 26.Qxd3 Bf5 27.Qd4 Qe2 28.Rg1+ Kf7 29.Rg7+
Ke8 30.Nc3 Qf3+ 31.Kg1 Bg6 32.f5 Rxf5 33.Qe4+ Qxe4 34.Nxe4 Kf8 35.Rxb7 Rf4
36.Nxd6 Bd3 37.Rc7 Rd4 38.Kf2 Bg6 39.Nb7 Rd2+ 40.Ke3 Rxh2 41.d6 Rh3+ 42.Kf4 Be8
43.c5

[Event "9th EUROPEAN  INDIVIDUAL  WOME"]
[Site "Plovdiv, Bulgaria"]
[Date "2008.04.29"]
[Round "8"]
[Board "1"]
[White "Makka, Ioulia"]
[Black "Ni, Viktorija"]
[Result "0-1"]
[WhiteElo "2204"]
[BlackElo "2120"]
[PlyCount "94"]
[EventDate "2008.04.21"]
[EventRounds "11"]
[EventCountry "BUL"]

1.e4 c5 2.Nf3 e6 3.d4 cxd4 4.Nxd4 a6 5.Bd3 Bc5 6.Nb3 Ba7 7.c4 d6 8.Nc3 Ne7 9.O-O
O-O 10.Qe2 Qc7 11.Be3 Nbc6 12.Bxa7 Rxa7 13.Qe3 b6 14.Rac1 Qb8 15.Rfd1 Rd8 16.Bb1
Ne5 17.Nd2 Rc7 18.b3 Bd7 19.f4 N5g6 20.Nf3 Bc6 21.Rd2 Rcd7 22.Rcd1 b5 23.Nd4
bxc4 24.Nxc6 Nxc6 25.bxc4 Na5 26.Bd3 Qb4 27.Ne2 Nxc4 28.Qd4 d5 29.Bxc4 dxc4
30.Qxd7 Rxd7 31.Rxd7 Qc5+ 32.Kh1 h5 33.R7d4 c3 34.Rc1 Qb5 35.Nxc3 Qb2 36.Rdd1
Nxf4 37.Rg1 Nd3 38.Rcf1 Nf2+ 39.Rxf2 Qxf2 40.h3 Qc2 41.Nb1 Qxa2 42.Rc1 Kh7
43.Re1 a5 44.Kg1 a4 45.Rf1 a3 46.Nxa3 Qxa3 47.Rxf7 Qe3+

[Event "9th EUROPEAN  INDIVIDUAL  WOME"]
[Site "Plovdiv, Bulgaria"]
[Date "2008.04.29"]
[Round "8"]
[Board "1"]
[White "Stefanova, Milena"]
[Black "Skinke, Katrina"]
[Result "0-1"]
[WhiteElo "2029"]
[BlackElo "2204"]
[PlyCount "56"]
[EventDate "2008.04.21"]
[EventRounds "11"]
[EventCountry "BUL"]

1.e4 d6 2.d4 Nf6 3.Nc3 g6 4.Nf3 Bg7 5.h3 O-O 6.Bc4 c6 7.a4 d5 8.exd5 cxd5 9.Bd3
Nc6 10.O-O Nh5 11.Re1 a6 12.Bg5 h6 13.Be3 e5 14.Nxe5 Nxe5 15.dxe5 d4 {Diagram #}
16.g4 dxe3 17.gxh5 Qg5+ 18.Kh1 exf2 19.Re2 Qxh5 20.Rxf2 Qxh3+ 21.Rh2 Qg3 22.Qe1
Qf3+ 23.Kg1 Re8 24.Be4 Qf4 25.e6 Bxe6 26.Bxb7 Rab8 27.Bg2 Rxb2 28.Ra3 Qb4

[Event "9th EUROPEAN  INDIVIDUAL  WOME"]
[Site "Plovdiv, Bulgaria"]
[Date "2008.04.29"]
[Round "8"]
[Board "1"]
[White "Petrenko, Svetlana"]
[Black "Grapsa, Georgia"]
[Result "1/2-1/2"]
[WhiteElo "2314"]
[BlackElo "2098"]
[PlyCount "88"]
[EventDate "2008.04.21"]
[EventRounds "11"]
[EventCountry "BUL"]

1.e4 c5 2.Nf3 d6 3.c3 Nf6 4.Bd3 Nc6 5.h3 g6 6.Bc2 Bg7 7.d4 cxd4 8.cxd4 d5 9.e5
Ne4 10.O-O O-O 11.Be3 f6 12.exf6 exf6 13.Nc3 Nxc3 14.bxc3 Na5 15.Bf4 Be6 16.Re1
Bf7 17.Qd3 Qd7 18.Nd2 b6 19.Re3 Rfe8 20.Rae1 Rxe3 21.fxe3 Rc8 22.a4 Qc6 23.Nb1
Nc4 24.h4 Bf8 25.e4 Na3 26.Nxa3 Qxc3 27.Qxc3 Rxc3 28.Nb5 Rxc2 29.e5 fxe5 30.dxe5
Rc4 31.g3 Bc5+ 32.Kg2 Rc2+ 33.Kh1 Be6 34.Be3 Bf5 35.Bxc5 bxc5 36.e6 Be4+ 37.Kg1
Rg2+ 38.Kf1 Rxg3 39.Nd6 Kf8 40.Nxe4 dxe4 41.Rxe4 Ke7 42.Kf2 Rb3 43.Re5 Rb4
44.Rxc5 Rxa4

[Event "9th EUROPEAN  INDIVIDUAL  WOME"]
[Site "Plovdiv, Bulgaria"]
[Date "2008.04.29"]
[Round "8"]
[Board "1"]
[White "De Rosa, Maria"]
[Black "Ivkina, Olga"]
[Result "1/2-1/2"]
[WhiteElo "2094"]
[BlackElo "2278"]
[PlyCount "82"]
[EventDate "2008.04.21"]
[EventRounds "11"]
[EventCountry "BUL"]

1.e4 c5 2.d4 cxd4 3.Qxd4 Nc6 4.Qd1 e6 5.Nf3 Nf6 6.Bd3 d6 7.O-O Be7 8.Nc3 a6 9.a4
O-O 10.h3 b6 11.Be3 Bb7 12.Nd4 Nxd4 13.Bxd4 e5 14.Be3 d5 15.exd5 Nxd5 16.Qh5 g6
17.Qxe5 Bf6 18.Qg3 Nxc3 19.bxc3 Bxc3 20.Rab1 Ba5 21.Rfd1 Qf6 22.Bg5 Qc6 23.f3
Qc5+ 24.Kh1 Bc3 25.Be4 Bxe4 26.fxe4 Rfe8 27.Rd7 Rxe4 28.Qf3 f5 29.Rbd1 Rae8
30.Rd8 Re1+ 31.Rxe1 Rxd8 32.Bxd8 Bxe1 33.Qe2 Bc3 34.Qe6+ Kg7 35.Bxb6 Qb4 36.Qd7+
Kh6 37.Be3+ f4 38.Bf2 Qb1+ 39.Kh2 Qxc2 40.Bc5 Bg7 41.Bd6 Qf2